000 00475nam a2200169 i 4500
001 25553
003 ES-MaACL
005 20250826063130.0
007 t|
008 021227s1971 sp ||||1| spa d
100 1 _aArias Ruiz, Aníbal,
_d-1982
_922804
245 1 3 _aEl mundo de la televisión /
_cAnibal Arias Ruiz.
260 _aMadrid :
_bGuadarrama,
_c[1971]
300 _a399 p. ;
_c18 cm.
852 _aES-MaACL
_jC-45969
_bR.79347
999 _c25553
_d25553